000 00358 a2200109 4500
001 ART_25265
005 20260410161821.0
008 260409a
245 1 0 _aEl anteproyecto del Código Penal y los delitos fiscales
100 1 _aSemachowicz, Esteban D.
773 0 _tDoctrina Penal Tributaria y Económica
_g- Nº 33 (ago. 2014)
_wREV4317
999 _c22328
_d22328